01536cas a22004097ar450000500170000000800410001701000100005801100100006802200140007803500100009224501090010226000580021130000070026931000120027632100140028836200200030265000480032265000470037078000110041786600620042886600550049086600600054586600600060586600550066586600320072086600600075286600600081286600240087286600240089686600360092086600240095686600220098086600240100286600360102686600260106286600380108820220329142013.0990120c1980 us mr p rnn 0 uub1eng d a76912 a778840 a0163-3864 a8763600aJournal of Natural Productsc/by The American Chemical Society and the American Society of Pharmacognosy0 aWashington, D.C, :bAmerican Chemical Society,c1980- av. aMensual aBimensual av.61 n.10, 199814aFarmacologíaxPublicaciones periódicas.14aToxicologíaxPublicaciones periódicas. tLlodya av. 61 n. 11 (November 1998) - v. 63 n. 12 (December 2000) av. 64 n. 1 (January 2001) - v. 64 n. 6 (June 2001) av. 66 n. 1 (January 2003) - v. 66 n. 12 (December 2003) av. 69 n. 1 (January 2006) - v. 69 n. 12 (December 2006) av. 70 n. 1 (January 2007) - v. 70 n. 7 (July 2007) av. 70 n. 12 (December 2007) av. 71 n. 1 (January 2008) - v. 71 n. 12 (December 2008) av. 72 n. 1 (January 2009) - v. 72 n. 12 (December 2009) av.43 n.2-6 - (1980) av.45 n.1-6 - (1982) av.47 n.1-v.51 n.2 - (1984-1988) av.51 n.4-6 - (1988) av.52 n.6 - (1989) av.53 n.1-5 - (1990) av.54 n.1-v.59 n.9 - (1991-1996) av.59 n.11-12 - (1996) av.60 n.7- v.61 n.10 - (1997-1998)